000 01277nam a2200289 4500
001 0000017860
003 CO-CtgCURN
005 20250825223111.0
008 160627s2001 000 0 eng d
020 _a9584201808
040 _aCO-CtgCURN
_bspa
_ccoctgcurn
082 0 _a322.42
_bI57p
110 2 _aInstituto de Estudios Politicos y Relaciones Internacionales : (Bogotá)
245 1 3 _aEl Plan Colombia y la internacionalizacion del conflicto /
_cInstituto de Estudios Politicos y Relaciones Internacionales, Universidad Nacional de Colombia.
260 _aBogotá :
_bPlaneta Colombiana,
_c2001.
300 _a339 p.
336 _2rdacontent
337 _2rdamedia
_asin mediacion
_bn
338 _2rdacarrier
_avolumen
_bnc
490 1 _aLa Linea del Horizonte
505 8 _aLa internacionalizacion del conflicto y de la paz en Colombia.--Ecos del proceso de paz y el plan Colombia.--Plan Colombia y ayuda estadounidense: una fusion traumatica.--El plan Colombia: una estrategia fatal para una ayuda necesaria
650 0 _aPlan Colombia
_vAspectos politicos.
710 2 _aUniversidad Nacional de Colombia (Bogotá)
908 _a160627
942 _cBK
_h322.42
_iI57p
_2ddc
999 _c49526
_d49526
_x1